Discographie de Slimane (2016-2022) - Statistiques

Statistiques générales
  • Ce quiz a été pris 48 fois
  • Le résultat moyen est 36 sur 86
Statistiques - réponses
Réponse % Correct
Paname
95%
Avant toi
76%
À fleur de toi
73%
À fleur de toi
73%
Des milliers de je t'aime
70%
VERSUS
70%
Viens on s'aime
70%
Je te le donne
68%
Je te le donne
68%
La recette
68%
XY
65%
Adieu
62%
Ça va ça vient
62%
Solune
59%
Toi
59%
Dans le noir
57%
Les roses du Bois de Boulogne
57%
Ça ira
54%
Ça ira
54%
Mise à jour
54%
A la vie
49%
Chez toi
49%
De l'or
49%
Frérot
49%
L'armure
49%
La vie est belle
49%
Le vide
49%
Nous deux
49%
Pas beaux
49%
Peurs
49%
Enfant de la lune
46%
J'en suis là
46%
Les amants de la colline
46%
Ne me laisse pas
46%
Si je m'en allais
46%
Bye Bye
43%
Claquer la porte
43%
Khamsa
43%
Sentimental
43%
Maëlys
41%
Maladie
41%
Coeur de pierre
38%
Le temps
38%
Zina
38%
Comme un film
35%
Fais comme ça
35%
Insupportables
35%
Le grand-père
35%
Les amis
35%
Luna
35%
Hasta la vista
32%
Je serais là
32%
Je veux être vieux
32%
Baladé
30%
Ça fait mal
30%
C'est pas le paradis
30%
Chanson d'amour
30%
Je te tiens
30%
La scène
30%
On my skin
30%
On se reverra
30%
Pourquoi le monde
30%
Pourvu qu'on s'aime
30%
Désolé
27%
Le million
27%
Quand je serais grand
27%
Saisons
27%
Tu me laisses
27%
Abimée
24%
J'avance
24%
La chanson des vieux amants
24%
La famille ça va bien !
24%
L'enfant de la rue
24%
On n'oublie pas
24%
Papa héros
24%
Petit pays
24%
Rengaine
24%
Roméo
24%
Si on est deux
24%
Au-delà
22%
Bella Ciao
22%
L'absence
22%
On s'en fout
22%
Tu m'aimes bien
22%
Avance
19%
La famille ça va bien ! - Infrarohd remix
19%
Aucun quiz correspondant
Distribution des résultats
% des personnes avec chaque résultat
Percentile par nombre de réponses
Votre historique - résultats
Vous n’avez pas pris ce quiz